Suomalaismuutot: Top 20 maata - Statistics

Yleistilastot
  • Tätä visaa on pelattu 81 kertaa
  • Keskiarvotulos 18 / 20
Vastaustilastot
Muuttoja Maa % Oikein
345 Norja
100%
171 Ranska
99%
1513 Ruotsi
99%
273 Viro
99%
457 Yhdysvallat
99%
576 Espanja
97%
502 Saksa
97%
516 Britannia
94%
101 Italia
94%
322 Tanska
94%
99 Kanada
93%
84 Kreikka
93%
381 Alankomaat
90%
102 Portugali
90%
144 Belgia
88%
102 Itävalta
88%
263 Sveitsi
84%
94 Irlanti
82%
159 Australia
69%
91 Arabiemiirikunnat
9%
Ehtoja vastaavia visoja ei löytynyt
Tulosjakauma
Jokaisen tuloksen saaneiden osuus
Persentiili vastausten määrän mukaan
Tuloshistoriasi
Et ole pelannut tätä visaa